Normal view MARC view
  • Operations research

Entry Topical Term

Number of records used in: 2

001 - CONTROL NUMBER

  • control field: 107090

003 - CONTROL NUMBER IDENTIFIER

  • control field: NUST

005 - DATE AND TIME OF LATEST TRANSACTION

  • control field: 20230119131410.0

008 - FIXED-LENGTH DATA ELEMENTS

  • fixed length control field: 230119|| aca||aabn | a|a d

040 ## - CATALOGING SOURCE

  • Original cataloging agency: NUST
  • Transcribing agency: NUST

150 ## - HEADING--TOPICAL TERM

  • Topical term or geographic name entry element: Operations research
  • General subdivision: Data processing

670 ## - SOURCE DATA FOUND

  • Source citation: Work cat.: (NUST)184951: Hall, Owen P. 76255, Computer models for operations management /, c1996.
© 2023 Central Library, National University of Sciences and Technology. All Rights Reserved.